Clinical Symposia (Record no. 8566)
[ view plain ]
| 000 -LEADER | |
|---|---|
| fixed length control field | 00521nam a22001577a 4500 |
| 005 - DATE AND TIME OF LATEST TRANSACTION | |
| control field | 20251215194754.0 |
| 008 - FIXED-LENGTH DATA ELEMENTS--GENERAL INFORMATION | |
| fixed length control field | 251215b |||||||| |||| 00| 0 eng d |
| 050 ## - LIBRARY OF CONGRESS CALL NUMBER | |
| Classification number | R11 |
| Item number | .C538 |
| 100 ## - MAIN ENTRY--PERSONAL NAME | |
| Personal name | Keim, Hugo A. |
| 245 ## - TITLE STATEMENT | |
| Title | Clinical Symposia |
| Remainder of title | low back pain |
| Statement of responsibility, etc. | Hugo A. Keim & W. H. Kirkaldy-Willis, edited by Anne H. Trench |
| 260 ## - PUBLICATION, DISTRIBUTION, ETC. | |
| Place of publication, distribution, etc. | New Jersey |
| Name of publisher, distributor, etc. | CIBA Pharmaceutical Company |
| Date of publication, distribution, etc. | 1980 |
| 300 ## - PHYSICAL DESCRIPTION | |
| Extent | Vol. 35, Number 6. 35p. |
| Other physical details | color |
| Dimensions | 24.5cm |
| 700 ## - ADDED ENTRY--PERSONAL NAME | |
| Personal name | Kirkaldy-Willis, W. H. |
| 700 ## - ADDED ENTRY--PERSONAL NAME | |
| Personal name | Trench, Anne H. |
| 942 ## - ADDED ENTRY ELEMENTS (KOHA) | |
| Source of classification or shelving scheme | Library of Congress Classification |
| Koha item type | Books |
| Suppress in OPAC | No |
| 999 ## - | |
| -- | 8566 |
| -- | 8566 |
| Withdrawn status | Lost status | Source of classification or shelving scheme | Damaged status | Not for loan | Collection | Home library | Current library | Shelving location | Date acquired | Total checkouts | Full call number | Barcode | Date last seen | Copy number | Price effective from | Koha item type |
|---|---|---|---|---|---|---|---|---|---|---|---|---|---|---|---|---|
| Library of Congress Classification | Non-fiction | Science Library (Miotso) | Science Library (Miotso) | Reference | 12/15/2025 | R11 .C583 CLI | SLM00006631 | 12/15/2025 | 1 | 12/15/2025 | Books |